[Event "IND-chT (Women) 22nd"]
[Site "Ahmedabad"]
[Date "2025.03.06"]
[Round "2.4"]
[White "Niharika, Challa"]
[Black "Gawande, Devanshi"]
[Result "0-1"]
[WhiteElo "2072"]
[BlackElo "1527"]
[PlyCount "78"]
[EventDate "2025.03.05"]
[EventType "team-swiss"]
[EventRounds "7"]
[EventCountry "IND"]
[SourceTitle "CB12_2025"]
[SourceDate "2025.03.19"]
[SourceVersion "1"]
[SourceVersionDate "2025.03.19"]
[SourceQuality "1"]
[WhiteTeam "Andhra Pradesh (W)"]
[BlackTeam "Maharashtra (W)"]
[WhiteTeamCountry "IND"]
[BlackTeamCountry "IND"]

1. e4 c5 2. Nf3 d6 3. d4 cxd4 4. Nxd4 Nf6 5. Nc3 g6 6. Bc4 Bg7 7. Bb3 Nc6 8. f3 Bd7 9. Be3 Rc8 10. Qd2 h5 11. 0-0-0 Ne5 12. Kb1 a6 13. h3 b5 14. Rhf1 Nc4 15. Bxc4 Rxc4 16. g4 0-0 17. Nce2 a5 18. Bg5 Nh7 19. gxh5 Nxg5 20. Qxg5 Rc5 21. Qg2 Rxh5 22. Rh1 e6 23. f4 e5 24. Nf3 exf4 25. c3 Qe7 26. Nd2 Rg5 27. Qf3 b4 28. cxb4 Rb8 29. Nxf4 Rxb4 30. Nd3 Rb8 31. Nc4 Bc6 32. Rhe1 Bb5 33. Rc1 Qb7 34. Re2 Bxc4 35. Rxc4 Qb5 36. Rcc2 Rg1+ 37. Nc1 Bh6 38. Rf2 Qxb2+ 39. Rxb2 Rxc1# 0-1